000 00880nam a2200265 a 4500
001 24624
003 CO-ViMGA
005 20230915232010.0
008 141112s2004 ck r 000 u spa d
015 _ack - 1999 - xxxx
020 _a9589671713
035 _aAGT5383 LA
040 _aCO-ViMGA
_bspa
_cCO-ViMGA
041 _aspa
043 _as - ck - - -
082 0 4 _aCo861.6 P65g
100 1 _aPolanía, Pastor, 1946 -
_936676
245 1 0 _aGotas de agua en la sangre :
_bpoemas /
_cPastor Polanía.
260 _aIbagué :
_bPapeles Sueltos Editores,
_c1999.
300 _a136 p. ; 22 cm.
490 _aPoemas ; 4
650 1 4 _aPoesía colombiana.
_91069
942 _2ddc
_cBK
999 _c32441
_d32441